00471nam a22001697a 450000500170000000800410001702000180005802200150007604100120009108200120010310000120011524500570012725000180018426000430020230000310024565000250027620240924083830.0240924b |||||||| |||| 00| 0 eng d a9780639003313 a0409004480 aEnglish a349 JOU lEnglish aThe Law of South Africa / cWA Joubert and JA Faris  aThird Edition aDurban: bLexisNexis (Pty) Ltd, c2019 bviii, 639 pages; c26 cm.  aLegal practice bLaw